Responses for show #1897 - Tuesday, December 1, 1992

Contestants

[<< previous game]

Art Waters, a consultant originally from Seattle, Washington

Julie Spore, a financial analyst from Pasadena, California

Michael Ming, a medical student originally from Bryn Mawr, Pennsylvania (whose 2-day cash winnings total $23,701)

Jeopardy! Round responses

MARSUPIALS
OSCAR-WINNING FILMS
NOTORIOUS
AROUND THE WORLD
FOOD & DRINK
POPE-POURRI
    $100 21
underground

Julie
    $100 1
The Deer Hunter

Julie
    $100 16
Al Capone

Art
    $100 11
Switzerland

Michael
    $100 6
chocolate

Michael
    $100 22
the Borgias

Art
    $200 23
the eucalyptus

Julie
    $200 2
Midnight Cowboy

Michael
    $200 17
the Lindbergh baby kidnapping

Michael
    $200 12
Canada

Art
    $200 7
coffee

Julie
    $200 26
(Art: What is the Divine Assumption?)

the Immaculate Conception

MichaelArt
    $300 24
the opussum

Michael
    $300 3
Tears

Julie
    $300 18
(Nathan) Leopold

Michael
    $300 13
Ankara

Art
    $300 8
a Roy Rogers

Julie
    $300 27
Gregorian chant

Julie
    $400 25
(Julie: What is the Tasmanian devil?)

the Tasmanian wolf

Julie
Triple Stumper
    $400 4
Grand Hotel

Michael
    $400 19
a chain gang

Julie
    $400 14
Kurdistan

Art
    $400 9
a duck sauce

Julie
    $400 28
John XXIII

Art
    $500 30
dingos

Michael
    $600 5
Going My Way

Michael
    $500 20
Bonnie & Clyde

Art
    $500 15
Albania

Julie
    $500 10
Salisbury

Michael
    $500 29
the Lateran Treaty

Triple Stumper

Scores at the first commercial break (after clue 15):

Michael Julie Art
$1,900 $1,800 $900

Scores at the end of the Jeopardy! Round:

Michael Julie Art
$3,400 $2,400 $1,800

Double Jeopardy! Round responses

HISTORIC HOMES
FASHION
THE MISSISSIPPI RIVER
SHAKESPEAREAN CHARACTERS
WORLD COINS
PRESIDENTS' FATHERS
    $200 20
Helen Keller

Art
    $200 10
Aloha shirts

Art
    $200 9
Louisiana

Julie
    $200 1
Cleopatra

Julie
    $200 19
Charles & Di

Julie
    $200 2
John Adams

Julie
    $400 27
(Thomas) Edison

Art
    $400 11
granny glasses

Julie
    $400 14
(Art: What are rivers?)

waters

MichaelArt
    $400 5
King Lear

Michael
    $400 23
Greece

Art
    $400 3
Harry Truman

Michael
    $600 28
Patrick Henry

Art
    $600 12
a Mandarin collar

Michael
    $600 15
(Art: What is the Missouri River?)

the Ohio River

JulieArt
    $600 6
Titus Andronicus

Art
    $600 24
the Netherlands

Julie
    $600 4
(Rutherford Birchard) Hayes

Michael
    $800 29
Georgetown

Julie
    $800 13
green

Art
    $800 21
the Missouri

Julie
    $800 7
Hamlet's father, Hamlet Sr.

Art
    $800 25
Panama

Julie
    $2,000 17
(Julie: What is Maine?)
(Alex: No.)
(Julie: Massachusetts. [*].)
(Alex: [*] was your third choice, and that was the correct response, but we don't give any points for third choices.)

Connecticut

Julie
    $1000 30
(Alex: Now is the time to say, "What is [*]?)

Maine

Triple Stumper
    $1000 16
(Julie: What is rubber?)
(Art: What is cork?)

rope

JulieArt
Triple Stumper
    $1000 22
Minneosta

Michael
    $2,000 8
Romeo and Juliet

Art
    $1000 26
a zloty

Michael
    $1000 18
(Alex: Yes, John [*] Coolidge.)

Calvin

Michael

Scores at the end of the Double Jeopardy! Round:

Michael Julie Art
$8,800 $4,200 $5,800

[wagering suggestions for these scores]

Final Jeopardy! Round responses

FAMOUS NAMES
(Alex: Let me go way out on a limb and make a wild assumption that this man had more than one wife.)
JulieWho was Chase Sanborn
$3,000
ArtWho was Brigham Young?
$5,001
MichaelWho is the King of Siam
$2,801
Brigham Young

Final scores:

Michael Julie Art
$5,999 $1,200 $10,801
2nd place: trip for 2 to Mexico City, Mexico 3rd place: Towle silver coffee urn New champion: $10,801

Game dynamics:

Coryat scores:

Michael Julie Art
$8,700 $6,200 $4,800
19 R
(including 1 DD),
0 W
20 R,
3 W
(including 1 DD)
16 R
(including 1 DD),
4 W

Combined Coryat: $19,700

The J! Archive is created by fans, for fans. The Jeopardy! game show and all elements thereof, including but not limited to copyright and trademark thereto, are the property of Jeopardy Productions, Inc. and are protected under law. This website is not affiliated with, sponsored by, or operated by Jeopardy Productions, Inc. Join the discussion at JBoard.tv.